Bands By All Dead Members #1 - Statistics

General Stats
  • This quiz has been taken 87 times
  • The average score is 4 of 7
Answer Stats
Hint Answer % Correct
Jim Morrison, Ray Manzarek The Doors
88%
Malcolm Young, Neil Smith, Bon Scott, George Young, Dennis Loughlin AC/DC
81%
Eazy-E N.W.A
64%
Ronnie James Dio, Jimmy Bain Dio
63%
MCA/Adam Yauch Beastie Boys
59%
Phil Lynott, Eric Wrixron, Gary Moore, Michael Lee Thin Lizzy
37%
Chris Squire, Peter Banks Yes
23%
No matching quizzes found
Score Distribution
Percent of People with Each Score
Percentile by Number Answered
Your Score History
You have not taken this quiz